000 01162nam0a22002531 4500
001 rc\2930665
005 20250529230339.0
035 _a(NLR Aleph) 007080175
090 _a6468919
_c6468919
100 _a20110818d1937 |||y0rusy50 ca
101 0 _arus
102 _aRU
105 _ay ac |||||
200 1 _aФольклор Карелии
_eБиблиогр. указатель материалов по фольклору, содержащихся в местных изданиях б. Олонецк. губернии (1838-1917)
_fНиколай Виноградов
210 _aПетрозаводск
_cКарел. науч.-иссл. ин-т культуры
_d1937
_e[Ст. Мед. Гора]
_gтипо-литогр. ББК НКВВ
215 _aОбл., 46 с.
_d22×14 см
225 1 _aСерия библиографическая
_fКарел. науч.-исслед. ин-т культуры
_vВып. 1
700 1 _aВиноградов
_bН.Н.
_f1875-
_gНиколай Николаевич
801 0 _aRU
_bNLR
_gpsbo
801 1 _aRU
_bELAR
_2rusmarc
852 _aNLR
_jс957Кар-410/В-49
942 _cBOOK
980 _aNB